A Revolta Dos Livrinhos (Record no. 125090)

MARC details
000 -LÍDER
campo de controle de tamanho fixo 00970 a2200193 4500
001 - NÚMERO DE CONTROLE
campo de controle 125090
020 ## - ISBN - INTERNATIONAL STANDARD BOOK NUMBER
ISBN - International Standard Book Number 9788510014441
040 ## - FONTE DA CATALOGAÇÃO
Instituição que transcreveu o registro Escola Canadense de Niteroi
090 ## - NÚMERO DE CHAMADA LOCAL
Número de chamada (OCLC) (R); Número de chamada, CALL (RLIN) (NR) RAM-R3
100 ## - ENTRADA PRINCIPAL--NOME PESSOAL
Nome pessoal Santos, Lielba
245 10 - TÍTULO
Título A Revolta Dos Livrinhos
260 ## - PUBLICAÇÃO, DISTRIBUIÇÃO, ETC.
Local de publicação, distribuição, etc. São Paulo
300 ## - DESCRIÇÃO FÍSICA
Outros detalhes físicos il.
Dimensões 4 x 0.5 x 17 cm
362 0# - DATAS DE PUBLICAÇÃO E/OU DESIGNAÇÃO SEQUENCIAL
Datas de publicação e/ou designação sequencial 1992
520 ## - NOTA DE RESUMO, ETC
Resumo, etc. Na Escola Recriar, tudo parecia normal: os alunos frequentavam as aulas e, nos momentos de lazer, divertiam-se na sala de TV, no salão de jogos, no parquinho… Mas por que a biblioteca ficava sempre tão vazia? A escola nunca mais foi a mesma depois que os livros resolveram protestar contra o abandono que sofriam e mostrar a importância que deveriam ter na vida de todos. Esta é a história de uma verdadeira revolução na qual os livros mostram que são fundamentais, desde cedo, para ajudar a formar pessoas mais preparadas para a vida.
650 #4 - ASSUNTO--TERMO TÓPICO
Cabeçalho tópico ou nome geográfico Literatura Infantil
650 #4 - ASSUNTO--TERMO TÓPICO
Cabeçalho tópico ou nome geográfico Leitura
942 ## - ELEMENTOS DE ENTRADA ADICIONADOS (KOHA)
Tipo de material Koha Livros
Holdings
Situação do descarte Situação das perdas Situação física Não pode ser emprestado Biblioteca de origem Biblioteca atual Data de aquisição Total de empréstimos Número de chamada completo Código de barras Data de último acesso Data do preço efetivo Tipo de material Koha
        Canadian School of Niterói - Piratininga Canadian School of Niterói - Piratininga 09/02/2024   RAM-R3 A02271 09/02/2024 09/02/2024 Livros
        Leonardo Da Vinci - Osasco Leonardo Da Vinci - Osasco 27/03/2024   I R144r O003042 27/03/2024 27/03/2024 Livros